JHARKHAND LAW JOURNAL REPORTS , 2019 [3] (Record no. 7362)

MARC details
000 -LEADER
fixed length control field 00334nam a22001337a 4500
005 - DATE AND TIME OF LATEST TRANSACTION
control field 20200622130148.0
008 - FIXED-LENGTH DATA ELEMENTS--GENERAL INFORMATION
fixed length control field 200620b xxu||||| |||| 00| 0 eng d
082 ## - DEWEY DECIMAL CLASSIFICATION NUMBER
Classification number 548.05412 JLJR
245 ## - TITLE STATEMENT
Title JHARKHAND LAW JOURNAL REPORTS , 2019 [3]
260 ## - PUBLICATION, DISTRIBUTION, ETC. (IMPRINT)
Place of publication PATNA
Name of publisher PLJR PUBLICATION
300 ## - PHYSICAL DESCRIPTION
Number of Pages 680;p
650 ## - SUBJECT ADDED ENTRY--TOPICAL TERM
Topical Term LAW
942 ## - ADDED ENTRY ELEMENTS (KOHA)
Koha item type Journals/Serial
Holdings
Lost status Damaged status Collection code Home library Current library Shelving location Date acquired Source of acquisition Cost, normal purchase price Full call number Accession Number Koha item type
    LAW JRU Library JRU Library SHELF-33-A 02/07/2020 PURCHESS 1000.00 548.05412 JLJR 24940 Journals/Serial